| 000 | 00445nam a2200133Ia 4500 | ||
|---|---|---|---|
| 008 | 230917s9999||||xx |||||||||||||| ||und|| | ||
| 040 |
_e166070 _aMAIN |
||
| 041 | _aEnglish | ||
| 082 | _a891.43152109 BH122:GM | ||
| 100 | _aगुप्ता, मृदुला | ||
| 245 | 0 | _aबच्चन के काव्य में बिम्ब योजना | |
| 260 |
_aदिल्ली _bशब्द और शब्द _c72 |
||
| 942 | _cHN | ||
| 999 |
_c226027 _d226027 |
||